Algorithms: Design and analysis (Record no. 8447)
[ view plain ]
| 000 -LEADER | |
|---|---|
| fixed length control field | 00322nam a22001217a 4500 |
| 008 - FIXED-LENGTH DATA ELEMENTS--GENERAL INFORMATION | |
| fixed length control field | 200131b ||||| |||| 00| 0 eng d |
| 020 ## - INTERNATIONAL STANDARD BOOK NUMBER | |
| International Standard Book Number | 9780199456666 |
| 082 ## - | |
| Classification number | 005.1 BHA |
| 100 ## - MAIN ENTRY--PERSONAL NAME | |
| Personal name | BHASIN,Haresh |
| 245 ## - TITLE STATEMENT | |
| Title | Algorithms: Design and analysis |
| 250 ## - EDITION STATEMENT | |
| Edition statement | Page-690 |
| 260 ## - PUBLICATION, DISTRIBUTION, ETC. (IMPRINT) | |
| Place of publication, distribution, etc | New Delhi |
| Name of publisher, distributor, etc | OXFORD Unviersity Press |
| Date of publication, distribution, etc | 2015 |
| Withdrawn status | Lost status | Source of classification or shelving scheme | Damaged status | Koha normalized classification for sorting | Not for loan | Koha collection | Location (home branch) | Sublocation or collection (holding branch) | Shelving location | Date acquired | Source of acquisition | Currency | Cost, normal purchase price | Bill Number | Koha issues (times borrowed) | Koha full call number | Piece designation (barcode) | Koha date last seen | Copy number | Actual Cost, discounted price | Bill Date | Koha item type |
|---|---|---|---|---|---|---|---|---|---|---|---|---|---|---|---|---|---|---|---|---|---|---|
| Dewey Decimal Classification | 005_100000000000000_BHA | B.Tech(CSE) | PIET C-LIBRARY | PIET C-LIBRARY | New Arrival Sec. N02 | 31/01/2020 | KIRTI PRAKASHAN NEW DELHI | In Rupees | 545.00 | IN5960 | 005.1 BHA | 31623 | 31/01/2020 | 1 | 370.60 | 03/01/2020 | Reference Books |